A guide for assisted living (Record no. 112787)

MARC details
000 -LEADER
fixed length control field 01432cad a22002415a 4500
001 - CONTROL NUMBER
control field L153970
008 - FIXED-LENGTH DATA ELEMENTS--GENERAL INFORMATION
fixed length control field 110928s2011 xxk f 000 0 eng d
020 ## - INTERNATIONAL STANDARD BOOK NUMBER
International Standard Book Number 9781859464236
035 ## - SYSTEM CONTROL NUMBER
System control number (Sirsi) u153970
041 0# - LANGUAGE CODE
Language code of text/sound track or separate title eng
110 2# - MAIN ENTRY--CORPORATE NAME
Corporate name or jurisdiction name as entry element Royal Institute of British Architects
9 (RLIN) 2527
245 02 - TITLE STATEMENT
Title A guide for assisted living
Remainder of title towards LifeHome 21
Medium [electronic resource]
260 ## - PUBLICATION, DISTRIBUTION, ETC.
Place of publication, distribution, etc. [S.l.]
Name of publisher, distributor, etc. RIBA
Date of publication, distribution, etc. 2011
520 ## - SUMMARY, ETC.
Summary, etc. The built environment, and the way in which it is designed and adapted to meet the needs of people with different levels of mobility and capability, and throughout their life is clearly a key factor if people are to be supported to remain in their homes for as long as possible. This guide looks at Lifetime Homes principles and existing codes and standards, best practice in the design of smart homes, evolving assisted living concepts arising from recent developments in technology and associated services, suggested areas for future research.
521 ## - TARGET AUDIENCE NOTE
Target audience note Advanced
590 ## - LOCAL NOTE (RLIN)
Local note KA NTK
651 #4 - SUBJECT ADDED ENTRY--GEOGRAPHIC NAME
Geographic name United Kingdom
Chronological subdivision
690 ## - LOCAL SUBJECT ADDED ENTRY--TOPICAL TERM (OCLC, RLIN)
Topical term or geographic name as entry element BUILT ENVIRONMENT-BUILDING STANDARDS
690 ## - LOCAL SUBJECT ADDED ENTRY--TOPICAL TERM (OCLC, RLIN)
Topical term or geographic name as entry element PROPERTY-RESIDENTIAL PROPERTY-DOMESTIC RESIDENTIAL PROPERTY-HOUSING
710 1# - ADDED ENTRY--CORPORATE NAME
Corporate name or jurisdiction name as entry element Building Research Establishment
856 40 - ELECTRONIC LOCATION AND ACCESS
Uniform Resource Identifier <a href="https://www.architecture.com/Files/RIBAProfessionalServices/Practice/GuidfetoAssistedLiving/AGuideforAssistedLiving.pdf">https://www.architecture.com/Files/RIBAProfessionalServices/Practice/GuidfetoAssistedLiving/AGuideforAssistedLiving.pdf</a>
Public note View the guide free of charge at www.architecture.com
942 ## - ADDED ENTRY ELEMENTS (KOHA)
Suppress in OPAC 0
Holdings
Withdrawn status Lost status Source of classification or shelving scheme Damaged status Not for loan Home library Current library Shelving location Date acquired Total Checkouts Full call number Barcode Date last seen Copy number Price effective from Koha item type
    Dewey Decimal Classification     Virtual Virtual Online 28/09/2011   ONLINE PUBLICATION 153970-2001 06/08/2019 1 06/08/2019 Book